Poslanci obecných, mestských a miestnych zastupiteľstiev a ich postavenie zamestnancov v sociálnom poistení od 1. januára 2011

Poslanec obecného, mestského a miestneho zastupiteľstva ako zamestnanec v sociálnom poistení. Postavenie zamestnanca na účely sociálneho poistenia od 1. januára 2011. Existencia právneho vzťahu a právo na príjem zo závislej činnosti.

Gespeichert in:
Bibliographische Detailangaben
1. Verfasser: Zahoranová, Andrea
Format: Buchkapitel
Sprache:Slowakisch
Schlagworte:
Tags: Tag hinzufügen
Keine Tags, Fügen Sie das erste Tag hinzu!

MARC

LEADER 00000nla$a2200000$$$4500
001 0137100
005 20220729105208.0
041 0 |a slo 
044 |a SK 
245 1 0 |a Poslanci obecných, mestských a miestnych zastupiteľstiev a ich postavenie zamestnancov v sociálnom poistení od 1. januára 2011  |c Andrea Zahoranová 
520 |a Poslanec obecného, mestského a miestneho zastupiteľstva ako zamestnanec v sociálnom poistení. Postavenie zamestnanca na účely sociálneho poistenia od 1. januára 2011. Existencia právneho vzťahu a právo na príjem zo závislej činnosti. 
610 2 0 |a poistenie sociálne 
610 2 0 |a poistenie dôchodkové 
610 2 0 |a poistenie nemocenské 
610 2 0 |a zabezpečenie sociálne 
610 2 0 |a poslanci 
610 2 0 |a zastupiteľstvá obecné 
100 1 |a Zahoranová, Andrea